000 01005cam a22002411i 4500
003 SA-RiAUC
005 20251109090259.0
008 251014s1985 su a f f00010 ara c
040 _aOQUL
_bara
_cSA-RiAUC.
_erda
082 0 4 _a704.9481
_qSA-RiAUC
090 _a704.9481
_bم ر ك
110 2 _aمركز الملك فيصل للبحوث والدراسات الإسلامية
_eمؤلف.
245 1 0 _aوحدة الفن الإسلامي /
_cمركز الملك فيصل للبحوث والدراسات الإسلامية.
264 1 _aالرياض :
_bمركز الملك فيصل للبحوث والدراسات الإسلامية،
_c1985
300 _a207 صفحة :
_bإيضاحيات ؛
_c31 سم
336 _aنص
_btxt
_2rdacontent
_3كتاب
337 _aبدون وسيط
_bn
_2rdamedia
338 _aمجلد
_bnc
_2rdacarrier
650 7 _aالفن الإسلامي
_2aucsh
942 _2ddc
_cBOOK
_n0
949 _aSA-JeALM
_d251014
_umohamedma123
_n1
999 _c13098
_d13098